MARC

LEADER 00000nam0a2200000 4500
001 97944
005 20231031111140.0
035 |a (RuTPU)RU\TPU\book\104984 
090 |a 97944 
100 |a 20060607d1956 m y0rusy50 ca 
101 0 |a rus 
102 |a RU 
105 |a a j 001zy 
200 1 |a Организация движения на железнодорожном транспорте угольной промышленности  |e учебное пособие  |f А. В. Цымбал 
210 |a Москва  |c Углетехиздат  |d 1956 
215 |a 383 с.  |c ил. 
320 |a Библиогр.: с. 378. 
610 1 |a железнодорожный транспорт 
610 1 |a угольная промышленность 
610 1 |a движения 
610 1 |a железные дороги 
610 1 |a эксплуатация 
610 1 |a станции 
610 1 |a погрузочно-разгрузочные работы 
610 1 |a поезда 
610 1 |a перевозки 
610 1 |a планирование 
610 1 |a себестоимость 
610 1 |a учебные пособия 
675 |a 625(075.32)  |v 3 
700 1 |a Цымбал  |b А. В.  |g Александр Васильевич 
801 1 |a RU  |b 63413507  |c 20060607  |g PSBO 
801 2 |a RU  |b 63413507  |c 20210608  |g PSBO 
942 |c BK